Logo BPK

Biblioteka

Politechniki Koszalińskiej

Salmonid fishes : (Rekord nr 40741)

Szczegóły MARC
000 -ETYKIETA REKORDU
podpole kontrolne o stałej długości 00989nam a2200265 i 4500
001 - NUMER KONTROLNY REKORDU
pole kontrolne bg
020 ## - MIĘDZYNARODOWY ZNORMALIZOWANY NUMER KSIĄŻKI - ISBN
ISBN 0632055871
040 ## - ŹRÓDŁO KATALOGOWANIA
Instytucja, która utworzyła rekord BPK
041 1# - KOD JĘZYKA
Kod języka tekstu en
Kod języka oryginału ru
080 ## - UNIWERSALNA KLASYFIKACJA DZIESIĘTNA - UKD
UKD 597.2/.5:575
920 ## - Międzynarodowy znormalizowany numer książki – ISBN
ISBN 0-632-05587-1
008 - POLE O STAŁEJ DŁUGOŚCI - DANE KONTROLNE
podpole kontrolne o stałej długości s pl f |000 0 pol
100 1# - NAZWA OSOBOWA
Nazwa osobowa ALTUKHOV, Yuri P.
245 10 - TYTUŁ/ODPOWIEDZIALNOŚĆ
Tytuł Salmonid fishes :
Ciąg dalszy tytułu population biology, genetics and management /
Pozostałe elementy strefy tytułu i oznaczenia odpowiedzialności Yuri P. Altukhov, Elena A. Salmenkova, Vladimir T. Omelchenko ; english transl. ed. by G.R. Carvalho & J.E. Thorpe.
260 ## - STREFA ADRESU WYDAWNICZEGO
Miejsce wydania Oxford :
Nazwa wydawcy/dystrybutora Blackwell Science,
Data publikacji, dystrybucji/powstania dokumentu cop. 2000.
300 ## - STREFA OPISU FIZYCZNEGO
Objętość XIV, 354 s. :
Inne cechy fizyczne il. ;
Rozmiary 24 cm.
490 1# - STREFA SERII I DOKUMENTU WIELOCZĘŚCIOWEGO - FORMA NIE DO WYSZUKIWANIA
Tytuł i oznaczenie odpowiedzialności serii Fish and Aquatic Resources Series
504 ## - UWAGA DOTYCZĄCA BIBLIOGRAFII
Informacje o bibliografii Bibliogr. - Indeks.
650 #9 - HASŁO PRZEDMIOTOWE W FORMIE NAZWY OGÓLNEJ LUB JEDNOSTKOWEJ
Nazwa ogólna lub geograficzna Ryby łososiowate
Określnik ogólny genetyka
700 1# - HASŁO DODATKOWE - NAZWA OSOBOWA
Nazwa osobowa SALMENKOVA, Elena Aleksandrovna
700 1# - HASŁO DODATKOWE - NAZWA OSOBOWA
Nazwa osobowa OMELCHENKO, Vladimir Timofeevich
830 ## - HASŁO DODATKOWE SERII LUB DOKUMENTU WIELOCZĘŚCIOWEGO - TYTUŁ UJEDNOLICONY
Tytuł ujednolicony Fish and Aquatic Resources Series
856 ## - LOKALIZACJA I DOSTĘP DO ELEKTRONICZNYCH DOKUMENTÓW ZDALNYCH
Link (URL) http://koha.tu.koszalin.pl/cgi-bin/koha/opac-detail.pl?biblionumber=40741
Tekst linku Katalog online BPK
942 ## - DODATKOWE ELEMENTY (KOHA)
Typ dokumentu Książka
Egzemplarze
Wycofany Status egzemplarza Uszkodzony Dostępność Lokalizacja stała Lokalizacja bieżąca Miejsce przechowywania Sygnatura Kod kreskowy Status: wypożyczony Typ dokumentu
      Dostępny Biblioteka Politechniki Koszalińskiej Biblioteka Politechniki Koszalińskiej Wypożyczalnia BG 62357 01643596 03.11.2026 Książka
© 2023 Biblioteka Politechniki Koszalińskiej :: KOHA